书目信息 |
| 题名: |
操作系统题解·综合练习
|
|
| 作者: | 栾东庆 , 李长征 编著 | |
| 分册: | ||
| 出版信息: | 北京 机械工业出版社 2005.01 |
|
| 页数: | 211页 | |
| 开本: | 26cm | |
| 丛书名: | 计算机核心课程辅导系列教材 | |
| 单 册: | ||
| 中图分类: | TP316-42 , TP316-42 | |
| 科图分类: | ||
| 主题词: | 电子计算机--dian zi ji suan ji--操作系统--学习参考资料 , 软件 | |
| 电子资源: | ||
| ISBN: | 7-111-15661-7 | |
| 000 | 00966nam 2200301 450 | |
| 001 | 1370 | |
| 005 | 20050606093303.24 | |
| 010 | @a7-111-15661-7@dCNY 20.00 | |
| 099 | @aCAL 012004144146 | |
| 100 | @a20041223d2005 em y0chiy0121 ea | |
| 101 | 0 | @achi |
| 102 | @aCN@b110000 | |
| 105 | @aak z 000yy | |
| 200 | 1 | @a操作系统题解·综合练习@Acao zuo xi tong ti jie · zong he lian xi@f李长征, 栾东庆等编著 |
| 210 | @a北京@c机械工业出版社@d2005.01 | |
| 215 | @a211页@c图@d26cm | |
| 225 | 2 | @a计算机核心课程辅导系列教材@Aji suan ji hu xin ke cheng fu dao xi lie jiao cai |
| 410 | 0 | @12001 @a计算机核心课程辅导系列教材 |
| 606 | 0 | @a电子计算机@Adian zi ji suan ji@x操作系统@j学习参考资料 |
| 606 | 0 | @a软件 |
| 690 | @aTP316-42@v4 | |
| 690 | @aTP316-42@v3 | |
| 701 | 0 | @a栾东庆@Aluan dong qing@4编著 |
| 701 | 0 | @a李长征@Ali chang zheng@4编著 |
| 801 | 0 | @aCN@bBUPT@c20050606 |
| 905 | @a10447@dTP316-42@eL130 | |
| 906 | @dCNY20.00@n0@r1 | |
| 998 | @aBUPT | |
| 操作系统题解·综合练习/李长征, 栾东庆等编著.-北京:机械工业出版社,2005.01 |
| 211页:图;26cm.-(计算机核心课程辅导系列教材) |
| ISBN 7-111-15661-7:CNY 20.00 |
| ● |
| 相关链接 |
|
|
|
正题名:操作系统题解·综合练习
索取号:TP316-42/L130
 
预约/预借
| 序号 | 登录号 | 条形码 | 馆藏地/架位号 | 状态 | 备注 |
| 1 | 530176 | 205301760 | 自科二线404/301自科库 51排5列3层/ [索取号:TP316-42/L130] | 在馆 | |
| 2 | 530177 | 205301779 | 自科库301/301自科库 57排6列2层/ [索取号:TP316-42/L130] | 在馆 | |
| 3 | 530178 | 205301788 | 自科二线404/301自科库 51排5列3层/ [索取号:TP316-42/L130] | 在馆 | |
| 4 | 530179 | 205301797 | 自科库301/301自科库 57排6列2层/ [索取号:TP316-42/L130] | 在馆 | |
| 5 | 530180 | 205301804 | 自科二线404/301自科库 51排5列3层/ [索取号:TP316-42/L130] | 在馆 |